000 00213 a2200097 4500
001 32918
100 _aInam ul Haq
245 _aAyyam e Rafta [Urdu]
260 _aLahore
_bSange Meel
_c1999
090 _c22072
_d22072
942 _aNUST-CAE
_c
_c13417
999 _c267991
_d267991